000 00296nam a22001217a 4500
082 _a158
_bMCG/B
100 _aMCGINNIS,ALAN LOY
245 _aBRINGING OUT THE BEST IN PEOPLE
260 _aPHILIPPINES
_bKADENA PRESS
300 _a192
650 _aPERSONALITY DEVELOPMENT
_zPHILIPPINES
942 _cBK
999 _c5387
_d5387